01006nam a2200217Ia 4500003000400000005001700004008004100021040002100062041000800083082002700091110002600118245005300144260004400197300008200241505020400323650006100527650005300588942001200641999001500653952012000668OSt20210721150509.0210310q2011 ck aod gr 000 0 spa d aCO-JMCRcCO-JMCR0 aspa04a332.672 / bC696i12232 aColinversiones93861210aInforme de sostenibilidad 2010 /cColinversiones aMedellín : bColinversiones, c[2011] a83 páginas : bilustraciones, fotografías y gráficas a color ; c28 cm.0 aLa estrategia -- Política de sostenibilidad -- Alcance y parámetros del informe -- Gobierno corporativo -- Compromisos con los grupos de interés -- Fundación Colinversiones -- Indicadores GRI14aSector eléctrico916388vInformesxEstados financieros24aSector eléctricovInforme de gestión 938614 2ddccBK c8119d8119 00102ddc40708FICaCPLbCPLd2018-04-15eDonacióno332.672 / C696i1p430003222r2024-05-16 00:00:00tEj.1yBK